000 00277pab a2200109 454500
008 180718b xxu||||| |||| 00| 0 eng d
100 _aRao, V.R.
245 _aPresident election - is merit the sole criterion?
650 _aPresident
773 _aFinancial Express
909 _a22751
999 _c22751
_d22751